000 00526nam a2200193 i 4500
001 88945
003 ES-MaACL
005 20230906175958.0
007 t|
008 041230s1989 it ||||1| spa d
020 _a88-7009-242-9
080 _a913(620)(036)
100 1 _aMagi, Giovanna.
_975473
245 1 0 _aAsuan, File, Abu Simbel /
_cGiovanna Magi.
260 _aFlorencia :
_bBonechi,
_c[1989]
300 _a94 p. ;
_c26 cm.
651 4 _aEgipto-
_vGuías turísticas.
_98142
852 _aES-MaACL
_jE-10775
_bR.134987
999 _c88945
_d88945